000
00335nam a2200145Ia 4500
008
150201s2004 xx 000 0 und d
082
_a
617
_b
O4G
100
_a
GARDNER, T.J.
245
_a
OPERATIVE CARDIAC SURGERY
250
_a
5TH
260
_b
ARNOLD PUB.
_a
LONDON
_c
2004
300
_a
1-920
650
_a
SURGERY
942
_2
ddc
_c
BK
999
_c
1309
_d
1309